00253 a2200121 4500001000700000020001800007040001100025100001700036240003300053245002800086300000800114362000900122182884 a85-85851-86-4 cMagnum aVicente, Gil10aFarsa de inês pereiralpor10aFarsa de inês pereira a1320 a1999